Country Chain – 5 Letters - Statistics

General Stats
  • This quiz has been taken 21 times
  • The average score is 7 of 11
Answer Stats
Answer % Correct
Benin
75%
China
75%
Egypt
75%
Niger
75%
Sudan
69%
Libya
63%
Nepal
63%
India
56%
Gabon
44%
Congo
31%
(DR) Congo (DR) Congo
31%
No matching quizzes found
Score Distribution
Percent of People with Each Score
Percentile by Number Answered
Your Score History
You have not taken this quiz